000 00355nam a2200121Ia 4500
008 190216s9999||||xx |||||||||||||| ||und||
100 _a"Joel H Hildebrand, John M Prausnitz & Robert L Scott"
245 0 _aRegualr And Related Solutions
260 _bVan Nostrand Reinhold Company
_c1970
300 _a228p
650 _aChemistry-Chemistry
942 _cBK
999 _c2260
_d2260